000 00600nam a2200193 i 4500
001 133472
003 ES-MaACL
005 20230906194422.0
007 t|
008 070816s1968 fr ||||1| fre d
080 _a811.133.1'36
100 1 _aMauger, G.
_979187
245 1 0 _aGrammaire pratique du français d'aujourd'hui
_b: langue parlée, langue écrite /
_cG. Mauger.
260 _aParis :
_bHachette,
_c[1968]
300 _a415 p. ;
_c22 cm.
500 _aBiblioteca Jacinto Martínez Lacalle.
650 1 4 _aLengua francesa-
_xGramática.
_914220
852 _aES-MaACL
_jE-11954
_bR.139877
999 _c133472
_d133472